Acapulco, at sunset and other stories / (Record no. 2376)
[ view plain ]
| 000 -LEADER | |
|---|---|
| fixed length control field | 00488nam a22001577a 4500 |
| 005 - DATE AND TIME OF LATEST TRANSACTION | |
| control field | 20250128083104.0 |
| 008 - FIXED-LENGTH DATA ELEMENTS--GENERAL INFORMATION | |
| fixed length control field | 250128b |||||||| |||| 00| 0 eng d |
| 020 ## - INTERNATIONAL STANDARD BOOK NUMBER | |
| International Standard Book Number | 978-1-953716-07-1 |
| 082 ## - DEWEY DECIMAL CLASSIFICATION NUMBER | |
| Classification number | Fil. 808.839972 B814 2020 |
| 100 ## - MAIN ENTRY--PERSONAL NAME | |
| Personal name | Brainard, Ceclia M. |
| 245 ## - TITLE STATEMENT | |
| Title | Acapulco, at sunset and other stories / |
| Statement of responsibility, etc. | Cecilia Manguerra Brainard |
| 260 ## - PUBLICATION, DISTRIBUTION, ETC. | |
| Place of publication, distribution, etc. | Santa Monica, CA: |
| Name of publisher, distributor, etc. | Palh, |
| Date of publication, distribution, etc. | c2020 |
| 300 ## - PHYSICAL DESCRIPTION | |
| Extent | 152p. |
| 541 ## - IMMEDIATE SOURCE OF ACQUISITION NOTE | |
| Accession number | 7730 c.1, 7731 c.2 |
| 650 ## - SUBJECT ADDED ENTRY--TOPICAL TERM | |
| Topical term or geographic name entry element | Philippine short stories (English) |
| Withdrawn status | Lost status | Source of classification or shelving scheme | Damaged status | Not for loan | Home library | Current library | Date acquired | Total Checkouts | Full call number | Barcode | Date last seen | Copy number | Price effective from | Koha item type |
|---|---|---|---|---|---|---|---|---|---|---|---|---|---|---|
| Dewey Decimal Classification | ctu-moalboal | ctu-moalboal | 02/19/2024 | Fil. 808.839972 B814 2020 | 7730 | 01/28/2025 | 1 | 01/28/2025 | Books-Filipiniana | |||||
| Dewey Decimal Classification | ctu-moalboal | ctu-moalboal | 02/19/2024 | Fil. 808.839972 B814 2020 | 7731 | 01/13/2026 | 2 | 01/28/2025 | Books-Filipiniana |